|
|
|
|
| LEADER |
00659nta a2200193 i 4500 |
| 001 |
dipl123048 |
| 005 |
20220222191237.0 |
| 008 |
220222s1967 hu om 0|| hun d |
| 040 |
|
|
|a SZTE Diploma Repozitórium
|b hun
|
| 041 |
|
|
|a hun
|
| 100 |
1 |
|
|a Mészár Jozefa Katalin
|
| 245 |
1 |
0 |
|a Matematikai játékok
|h [elektronikus dokumentum] /
|c Jozefa Katalin Mészár
|
| 260 |
|
|
|c 1967
|
| 650 |
|
4 |
|a Pedagógusképzés
|
| 650 |
|
4 |
|a Natural sciences
|
| 650 |
|
4 |
|a Mathematics
|
| 650 |
|
4 |
|a Pure mathematics, applied mathematics
|
| 700 |
1 |
|
|a Szendrei János
|e ths
|
| 856 |
4 |
0 |
|u http://diploma.bibl.u-szeged.hu/id/eprint/123048/1/1967_meszar_jozefa_katalin.pdf
|z Dokumentum-elérés
|